000 00670nam a2200229Ia 4500
003 OSt
005 20221007065402.0
006 a|||||r|||| 00| 0
007 ta
008 221006b |||||||| |||| 00| 0 eng d
024 _a26,242
037 _cReference Collections
040 _aFLL
_cFLL
_beng
041 _2eng
_aeng
082 _aZ,254(R), P7
100 _aNielsen Laura Beth Ed.
_9605683
245 0 _aTheoretical and empirical studies of rights
260 _aEngland
_bAshgate Publishing Limited
_c2007
300 _axxi,621p
_ccm.
942 _hZ,254(R), P7
_cREF
_2CC
999 _c1137163
_d1137163